[Event "Dutch defence"]
[Site "SchemingMind.com"]
[Date "2008.02.25"]
[Round "-"]
[White "SLAINTIE MHATH"]
[Black "Valiantangel"]
[Result "1-0"]
[WhiteCountry "POL"]
[BlackCountry "SGP"]
[WhiteElo "1608"]
[WhiteRD "49"]
[BlackElo "1326"]
[BlackRD "86"]
[GameID "143330"]

1. d4 f5 2. g3 Nf6 3. Bg2 e6 4. Bg5 Be7 5. e3 O-O 6. h4 Nc6 7. Nf3 d6 8. c4 Ne4 9. Bxe7 Qxe7 10. Nbd2 d5
11. c5 b6 12. b4 Nxb4 13. O-O Ba6 14. Ne5 Bxf1 15. Bxf1 a5 16. a3 Na6 17. c6 Qd6 18. Bb5 Nf6 19. f4 Nb8 20. Ndf3 h6
21. Ng6 Ne4 22. Nfe5 Nc3 23. Qd3 Nxb5 24. Qxb5 a4 25. Nxf8 Kxf8 26. Nd7+ Nxd7 27. cxd7 Ke7 28. Kf2
1-0

[Event "Dutch defence"]
[Site "SchemingMind.com"]
[Date "2008.02.24"]
[Round "-"]
[White "SLAINTIE MHATH"]
[Black "David Hartley"]
[Result "0-1"]
[WhiteCountry "POL"]
[BlackCountry "ENG"]
[WhiteElo "1591"]
[WhiteRD "45"]
[BlackElo "1847"]
[BlackRD "73"]
[GameID "143331"]

1. d4 f5 2. g3 Nf6 3. Nf3 e6 4. e3 Be7 5. Ne5 d6 6. Nd3 O-O 7. Bg2 d5 8. Ne5 c5 9. c3 Nc6 10. f4 Qc7
11. Bf3 b5 12. a3 Bb7 13. Rg1 a5 14. g4 fxg4 15. Nxg4 Nxg4 16. Bxg4 Rf6 17. Nd2 Raf8 18. Nf3 b4 19. Ng5 Bc8 20. Bd2 bxc3
21. bxc3 cxd4 22. cxd4 Rh6 23. h3 Bxg5 24. fxg5 Rg6 25. Bh5 Qh2 26. Rf1 Qg3+
0-1

[Event "Dutch defence"]
[Site "SchemingMind.com"]
[Date "2008.02.25"]
[Round "-"]
[White "SLAINTIE MHATH"]
[Black "baobab"]
[Result "1-0"]
[WhiteCountry "POL"]
[BlackCountry "ITA"]
[WhiteElo "1608"]
[WhiteRD "49"]
[BlackElo "1642"]
[BlackRD "73"]
[GameID "143332"]

1. d4 f5 2. g3 Nf6 3. Bg2 Nc6 4. Bf4 d6 5. c4 e6 6. Bg5 Be7 7. e3 O-O 8. Bxc6 bxc6 9. h4 Ne4 10. Nf3 Ba6
11. b3 Rb8 12. Qc2 c5 13. O-O Bxg5 14. Nxg5 Nxg5 15. hxg5 cxd4 16. f4 dxe3 17. Qd3 c6 18. Qxe3 Qb6 19. Re1 Rbe8 20. Nc3 e5
21. c5 Qb4 22. fxe5 Rxe5 23. Qf3 Rfe8 24. Rxe5 Rxe5 25. a3 Qxb3 26. Rb1 Qxa3 27. Qxc6 Re3 28. Rb8+ Kf7 29. Qd7+ Kg6 30. Qxd6+ Kh5
31. g4+ Kxg4 32. Qd4+ Re4 33. Nxe4 fxe4 34. Qxe4+ Kxg5 35. Qg2+ Kf6 36. Qf2+ Kg6 37. Qc2+ Kh6 38. Rb3 Qa1+ 39. Rb1 Qd4+ 40. Qf2 Qg4+
41. Qg2 Qd4+ 42. Kh1 Qxc5 43. Qh3+ Kg6 44. Qe6+
1-0

[Event "Dutch defence"]
[Site "SchemingMind.com"]
[Date "2008.02.24"]
[Round "-"]
[White "SLAINTIE MHATH"]
[Black "Clive Everill"]
[Result "0-1"]
[WhiteCountry "POL"]
[BlackCountry "CZE"]
[WhiteElo "1591"]
[WhiteRD "45"]
[BlackElo "1680"]
[BlackRD "52"]
[GameID "143333"]

1. d4 f5 2. g3 Nf6 3. Bg2 e6 4. Nf3 Be7 5. Bf4 O-O 6. Nbd2 d5 7. Be5 Nbd7 8. c4 c6 9. O-O Ne4 10. c5 b6
11. b4 bxc5 12. bxc5 Bf6 13. Bxf6 Ndxf6 14. Nxe4 Nxe4 15. Ne5 Bd7 16. Bxe4 fxe4 17. Qa4 Qc7 18. f4 exf3 19. Rxf3 Rxf3 20. exf3 Rb8
21. Rf1 Rb2 22. f4 g6 23. Nxd7 Qxd7 24. Rf2 Rb1+ 25. Kg2 Qb7 26. Qc2 Rb4 27. Qd3 Rb2 28. a3 Rxf2+ 29. Kxf2 Qb2+ 30. Qe2 Qxd4+
31. Qe3 Qf6 32. Ke2 Kf7 33. Qe5 Qe7 34. Qd4 h5 35. h4 Qb7 36. Qb4 Qa6+ 37. Kf2 Kf6 38. Qc3+ Kf7 39. Qb4= Qd3 40. Qb7+ Kf6
41. Qxa7 d4 42. Qc7 Qe3+ 43. Kf1 d3 44. Qd8+ Kf5 45. Qg5+ Ke4 46. Qxg6+ Kd4 47. Qf6+ Kxc5 48. Qe5+ Qxe5 49. fxe5 Kd4 50. Ke1 Ke3
51. a4 c5 52. a5 c4 53. a6 c3 54. Kd1 c2+ 55. Kc1 Ke2 56. a7 d2+ 57. Kxc2 d1=Q+
0-1

[Event "Dutch defence"]
[Site "SchemingMind.com"]
[Date "2008.02.24"]
[Round "-"]
[White "SLAINTIE MHATH"]
[Black "TRFz"]
[Result "0-1"]
[WhiteCountry "POL"]
[BlackCountry "GBR"]
[WhiteElo "1653"]
[WhiteRD "49"]
[BlackElo "2068"]
[BlackRD "62"]
[GameID "143334"]

1. d4 f5 2. g3 Nf6 3. Nc3 d5 4. Bf4 c6 5. e3 e6 6. Nf3 h6 7. Be5 Nbd7 8. Bh3 g5 9. Bxf6 Qxf6 10. Ne5 Nxe5
11. dxe5 Qxe5 12. Qh5+ Kd8 13. O-O Bd7 14. Qd1 Bd6 15. Ne2 Kc7 16. c3 h5 17. Qd2 Qf6 18. f4 g4 19. Bg2 h4 20. Rf2 Rh7
21. Kf1 Rah8 22. Ng1 Bc5 23. Re1 Kb8 24. b4 Bb6 25. c4 Bc7 26. a4 dxc4 27. b5 cxb5 28. axb5 Bxb5 29. Qb4 a6 30. Rc1 hxg3
31. hxg3 Rd8 32. Ne2 Bb6 33. Nc3 Bxe3 34. Nxb5 axb5 35. Ra2 Bxc1 36. Qc5 Qd4
0-1

[Event "Dutch defence"]
[Site "SchemingMind.com"]
[Date "2008.02.25"]
[Round "-"]
[White "Shaka"]
[Black "SLAINTIE MHATH"]
[Result "1-0"]
[WhiteCountry "VEN"]
[BlackCountry "POL"]
[WhiteElo "1786"]
[WhiteRD "73"]
[BlackElo "1608"]
[BlackRD "49"]
[GameID "143335"]

1. d4 f5 2. c4 b6 3. Nc3 Bb7 4. Nf3 Bxf3 5. gxf3 e6 6. Bf4 Bb4 7. e3 d6 8. Qa4+ Qd7 9. Qxb4 Nc6 10. Qa4 Nge7
11. Bg5 Ng6 12. Rg1 O-O 13. d5 Nce5 14. Qxd7 Nxd7 15. dxe6 Nf6 16. Nd5 Nxd5 17. cxd5 a6 18. Rc1 Ra7 19. Bd3 Ne5 20. Ke2 h6
21. Bxh6 c5 22. dxc6 Kh7 23. Bf4 Rc7 24. Bxe5 dxe5 25. e7 Rxe7 26. c7 Rc8 27. Bxf5+ Kh8 28. Bxc8
1-0

[Event "Dutch defence"]
[Site "SchemingMind.com"]
[Date "2008.02.25"]
[Round "-"]
[White "Valiantangel"]
[Black "SLAINTIE MHATH"]
[Result "0-1"]
[WhiteCountry "SGP"]
[BlackCountry "POL"]
[WhiteElo "1326"]
[WhiteRD "86"]
[BlackElo "1608"]
[BlackRD "49"]
[GameID "143336"]

1. d4 f5 2. Nc3 b6 3. Bf4 d5 4. e3 Ba6 5. Bd3 e6 6. Nf3 Bd6 7. Ne5 g6 8. Bg3 Nf6 9. Bxa6 Nbd7 10. Nxd7 Qxd7
11. Bb7 Rb8 12. Ba6 O-O 13. O-O Bxg3 14. hxg3 h5 15. b3 c6 16. Be2 Qh7 17. Na4 h4 18. g4 h3 19. Nc3 hxg2 20. Kxg2 Kf7
21. Rh1 Qg7 22. g5 Ne4 23. Nxe4 dxe4 24. f4 Rbd8 25. Qe1 Rh8 26. Qc3 c5 27. Rad1 Rxh1
0-1

[Event "Dutch defence"]
[Site "SchemingMind.com"]
[Date "2008.02.24"]
[Round "-"]
[White "David Hartley"]
[Black "SLAINTIE MHATH"]
[Result "1-0"]
[WhiteCountry "ENG"]
[BlackCountry "POL"]
[WhiteElo "1847"]
[WhiteRD "73"]
[BlackElo "1591"]
[BlackRD "45"]
[GameID "143337"]

1. d4 f5 2. Nf3 d5 3. g3 e6 4. Bg2 h6 5. O-O Nf6 6. b3 g5 7. e3 Nc6 8. Ne1 b6 9. Nc3 Ba6 10. Ne2 g4
11. Nd3 Bd6 12. c4 Ne4 13. Nef4 Qf6 14. Qc2 dxc4 15. bxc4 O-O-O 16. Bb2 Ne7 17. d5 e5 18. Ne6 Rd7 19. f4 exf4 20. Bxf6
1-0

[Event "Dutch defence"]
[Site "SchemingMind.com"]
[Date "2008.02.25"]
[Round "-"]
[White "baobab"]
[Black "SLAINTIE MHATH"]
[Result "1-0"]
[WhiteCountry "ITA"]
[BlackCountry "POL"]
[WhiteElo "1642"]
[WhiteRD "73"]
[BlackElo "1608"]
[BlackRD "49"]
[GameID "143338"]

1. d4 f5 2. g3 e6 3. Bg2 Nc6 4. Nf3 b6 5. Bf4 Bd6 6. Bd2 h6 7. O-O Bb7 8. Nc3 Nb4 9. a3 Nd5 10. Re1 Qf6
11. e4 Nxc3 12. Bxc3 fxe4 13. d5 Qf7 14. Rxe4 O-O-O 15. dxe6 dxe6 16. Rd4 Nf6 17. Bb4 Bxb4 18. axb4 Rxd4 19. Qxd4 Rd8 20. Qc3 Ne4
21. Qb3 Nd2 22. Ne5 Nxb3 23. Nxf7 Nxa1 24. Bxb7+ Kd7 25. Nxd8 Kxd8 26. Be4 Kd7 27. Kf1 Kd6 28. Ke1 Ke5 29. Bd3 Kd4 30. Kd2 e5
31. f3 g5 32. Kc1 Nb3+ 33. Kd1 Na1 34. Bf5 Ke3 35. Bg4 a5 36. bxa5 bxa5 37. Kc1 c5 38. Kb1 Nxc2 39. Kxc2 Kd4 40. Kb3 Kd3
41. Ka4 Kc2 42. Kxa5 Kxb2 43. Kb5 Kc3 44. Kxc5 Kd3 45. Kd5 Ke2 46. Kxe5 Kf2 47. Kf5 Kg2 48. Kg6 Kxh2 49. Kxh6 Kxg3 50. Kxg5
1-0

[Event "Dutch defence"]
[Site "SchemingMind.com"]
[Date "2008.02.24"]
[Round "-"]
[White "Clive Everill"]
[Black "SLAINTIE MHATH"]
[Result "0-1"]
[WhiteCountry "CZE"]
[BlackCountry "POL"]
[WhiteElo "1708"]
[WhiteRD "55"]
[BlackElo "1653"]
[BlackRD "49"]
[GameID "143339"]

1. d4 f5 2. h3 b6 3. Bg5 Bb7 4. Nc3 h6 5. Bf4 d6 6. Nf3 g5 7. Bh2 Bg7 8. e4 fxe4 9. Nd2 Nf6 10. Qe2 Nc6
11. Ndxe4 Nxd4 12. Nxf6+ Bxf6 13. Qh5+ Kd7 14. Qg4+ e6 15. Bd3 h5 16. Qg3 Be5 17. Qxg5 Qxg5 18. Bxe5 Qxe5+ 19. Kd2 Bxg2 20. Rhb1 Qf4+
21. Ke1 Nf3+
0-1

[Event "Dutch defence"]
[Site "SchemingMind.com"]
[Date "2008.02.24"]
[Round "-"]
[White "TRFz"]
[Black "SLAINTIE MHATH"]
[Result "1-0"]
[WhiteCountry "GBR"]
[BlackCountry "POL"]
[WhiteElo "2068"]
[WhiteRD "62"]
[BlackElo "1653"]
[BlackRD "49"]
[GameID "143340"]

1. d4 f5 2. Nf3 e6 3. g3 Nf6 4. Bg2 h6 5. O-O d6 6. c4 g5 7. Nc3 Bg7 8. Re1 Qe7 9. e4 fxe4 10. Nxe4 b6
11. Nxf6+ Bxf6 12. Nh4 gxh4 13. Bxa8 c6 14. d5 cxd5 15. cxd5 hxg3 16. hxg3 Be5 17. dxe6 Bxe6 18. f4 Rg8 19. Kh2 Qg7 20. Re3 Bxf4
21. Rxe6+ Kd8 22. Bxf4 Qxb2+ 23. Kh3 Rg7 24. Qxd6+ Nd7 25. Rae1 Rg8 26. Qc7#
1-0